La Grecia de nadie : la palabra dentro del mito /

Gardado en:
Detalles Bibliográficos
Autor Principal: Bollack, Jean (autor)
Outros autores: Gallardo, Glenn (traducción) (traducción)
Formato: Libro
Idioma:Lingua castelá
Publicado: México : Siglo XXI, 1999, c1999
Series:(Filosofía Siglo XXI)
Temas:
Etiquetas: Engadir etiqueta
Sen Etiquetas, Sexa o primeiro en etiquetar este rexistro!

MARC

LEADER 00000nam^a2200000^a^4500
001 000350865
005 20250521000000.0
009 20260310114955.145
020 |a 968-23-2205-7 
037 |a Acervo ITESO - Biblioteca 
041 |a ESP 
082 |a 180. 9495  |b BOL 
100 |a Bollack, Jean  |e (autor) 
245 1 3 |a La Grecia de nadie :  |b la palabra dentro del mito /  |c J. Bollack ; tr. por G. Gallardo. 
264 4 |a México :  |b Siglo XXI,  |c 1999, c1999 
300 |a 469 p. 
336 |a texto  |b txt  |2 rdacontenido 
337 |a sin mediación  |b n  |2 rdamedio 
338 |a volumen  |b nc  |2 rdasoporte 
440 1 |a (Filosofía Siglo XXI) 
500 |a Traducción de: La Greèce de personne. Les mots sous le mythe 
586 |a Premio Nobel de Literatura 1960: Biografías, crítica e interpretación 
649 |a XX 
650 |a Presocráticos -  |x Historia y Crítica 
650 |a Mitología Griega 
650 |a Cosmogonía 
650 |a Hermenéutica 
650 |a Literatura Griega -  |x Historia y Crítica -  |x Tema Principal 
650 |a Literatura Clásica -  |x Historia y Crítica 
650 |a Filosofía Griega -  |x Historia y Crítica -  |x Tema Principal 
650 |a Filosofía Clásica -  |x Historia y Crítica 
650 |a Empédocles 
650 |a Frénaud, André 
650 |a Heidegger, Martin 
650 |a Szondi, Peter 
600 |a Celan, Paul 
600 |a Saint-John Perse 
700 |a Gallardo, Glenn  |e (traducción) 
910 |a Fondo General 
920 |a Impresos - Libros 
930 |a Colección General 
905 |a 101 
901 |a 0500241570  |b IT1  |c ACC  |i D66607  |u 20250521 
901 |a 0500241573  |b IT1  |c ACC  |i D66608  |u 20250521 
902 |a https://opac.biblio.iteso.mx/vufind/Record/000350865